Normal view
MARC view
- Hill, Paul R
Entry Personal Name
001 - CONTROL NUMBER
- control field: 83606
003 - CONTROL NUMBER IDENTIFIER
- control field: NUST
005 - DATE AND TIME OF LATEST TRANSACTION
- control field: 20211101123326.0
008 - FIXED-LENGTH DATA ELEMENTS
- fixed length control field: 211101|| aca||aabn | a|a d
040 ## - CATALOGING SOURCE
- Original cataloging agency: NUST
- Transcribing agency: NUST
100 ## - HEADING--PERSONAL NAME
- Personal name: Hill, Paul R
670 ## - SOURCE DATA FOUND
- Source citation: Work cat.: (NUST): Hill, Paul R, Audio and Speech Processing With Matlab, 2019.
